LEADER 01045nam a2200253 i 4500 001 000000024405 003 CaOOAMICUS 005 20230329144725.0 008 180830s1795 it u000 u ita u 040 $aSeMil$bita 100 1 $aAlfieri, Vittorio,$d<1749-1803>.$0(OLS)http://semarc/name/1242 245 10$aTragedie del conte Vittorio Alfieri da Asti. Volume 1. [-5.]. 260 $aLosanna :$bNella nuova libreria di G. P. Giegler,$c1795. 300 $a5 v. ;$c8°. 650 4$aAlfieri, Vittorio <1749-1803> - Opere.$0(OLS)http://semarc/subject/2182 700 1 $aGiegler, Jean-Pierre,$c.$0(OLS)http://semarc/name/10810 774 0 $tVol. 1.$g1$w()204739 774 0 $tVol. 2.$g2$w()204952 774 0 $tVol. 3.$g3$w()204953 774 0 $tVol. 4.$g4$w()204954 774 0 $tVol. 5.$g5$w()204955 996 $6245$aTragedie del conte Vittorio Alfieri da Asti. Volume 1. [-5.]$9(OLS)http://semarc/title/32785 996 $6260$aLosanna :$bNella nuova libreria di G. P. Giegler$9(OLS)http://semarc/publisher/36170 LEADER 00691nam a2200193 i 4500 001 000000053295 003 CaOOAMICUS 005 20121013000000.0 008 121013s1970 xx u000 u spa u 013 $a24467 040 $aSeMil$bita 245 10$aIntroduccion ; La constitucion de la Iglesia. 300 $a418 p. 490 0 $aColección Canónica ;$v. 773 0 $aHervada, Javier$tDerecho del pueblo de Dios.$g1$w()773 830 0$aColección Canónica ;$v.$0(OLS)http://semarc/title/641 850 $aSeMil 852 $aSeMil$W1$xVenegono$y1$m2H IV 134$j19449$B19449$CSeMilBibl$Z2$F19451 $81 996 $6245$aIntroduccion ; La constitucion de la Iglesia$9(OLS)http://semarc/title/82085 LEADER 00739nam a2200181 i 4500 001 000000074733 003 CaOOAMICUS 005 20251217104849.0 008 110202s1970 it u000 u ita u 013 $a45905 040 $aSeMil$bita 245 10$aTempo ordinario :$bdalla 9. domenica alla 15. settimana. 300 $a359 p. 773 0 $aMaertens, Thierry <1921- >$tGuida dell'assemblea cristiana.$bnuova edizione interamente riveduta e aggiornata.$dLeumann : Elle Di Ci, 1969-1971.$gVolume5$w()24216 850 $aSeMil 852 $aSeMil$W1$xVenegono$y1$m3K V 276$j40885$B40885$CSeMilBibl$Z2$F40889 $81 996 $6245$aTempo ordinario :$bdalla 9. domenica alla 15. settimana$9(OLS)http://semarc/title/121188